|
|
|
|
| LEADER |
00000nam a2200000 a 4500 |
| 001 |
vtls001274249 |
| 003 |
SK-MaSNL |
| 005 |
20260224105121.0 |
| 008 |
210928s1975 xx 0 und |
| 035 |
|
|
|a SNK000225430
|
| 040 |
|
|
|a SNK
|b slo
|c SNK
|e AACR2
|
| 245 |
1 |
|
|a Ortopedie
|
| 260 |
|
|
|a Praha
|b Státní pedagogické nakladatelství
|c 1975
|
| 300 |
|
|
|a 228 s.
|
| 958 |
|
|
|a OND
|
| 999 |
|
|
|c 971339
|d 973269
|
| 952 |
|
|
|t P60, <04>, [BOOK], {604}
|a SNK
|b SNK
|y NEVYP
|7 0
|p 17A0034690
|o snkIB 32381 D1
|0 0
|1 1
|4 0
|d 1997-02-03
|l 0
|r 2005-01-02 00:00:00
|w 2026-02-24
|
| 952 |
|
|
|t P60, <04>, [BOOK], {606}
|a SNK
|b SNKPULT
|y VYP
|7 0
|p 17A0381593
|o snkIB 32381
|i snkKIP 3493/75
|0 0
|1 0
|4 0
|d 2003-04-29
|l 1
|m 3
|q 2026-06-15
|r 2026-02-28 18:48:51
|s 2026-02-28
|w 2026-02-24
|